|
|
|
|
| LEADER |
00617nab a2200169 i 4500 |
| 001 |
misc28061 |
| 005 |
20191108150122.0 |
| 008 |
171006s1959 hu o 0|| zxx d |
| 040 |
|
|
|a SZTE Miscellanea Repozitórium
|b hun
|
| 041 |
|
|
|a zxx
|
| 100 |
1 |
|
|a Gellért Albert
|
| 245 |
1 |
0 |
|a Versuche zur Paraffin-Imprägnation von Gehirnpräparaten
|h [elektronikus dokumentum] /
|c Gellért Albert
|
| 260 |
|
|
|c 1959
|
| 300 |
|
|
|a 379-391
|
| 490 |
0 |
|
|a Kolligátum
|
| 695 |
|
|
|a Agy - anatómia - preparálási módszerek, Paraffin - anatómiai alkalmazás
|
| 856 |
4 |
0 |
|u http://misc.bibl.u-szeged.hu/28061/1/018_021_073-085.pdf
|z Dokumentum-elérés
|